Bautizo de cenizas : (Registro nro. 7122)
[ vista simple ]
| 000 -LIDER | |
|---|---|
| fixed length control field | 00856nam a2200277 a 4500 |
| 001 - NÚMERO DE CONTROL | |
| Identificador de número de control | 000038374 |
| 003 - IDENTIFICACDOR DE NÚMERO DE CONTROL | |
| control field | 000038374 |
| 005 - DATE AND TIME OF LATEST TRANSACTION | |
| control field | 20180403101103.0 |
| 008 - ELEMENTOS DE LONGITUD FIJA | |
| fixed length control field | 130409s2006 dr 000 0 spa d |
| 040 ## - FUENTE DE CATALOGACIÓN | |
| Agencia que crea de manera original el registro | BPMSU |
| Idioma de catalogación | spa |
| Agencia que realiza la transcripción | BPMSU |
| 082 #4 - NÚMERO DE CLASIFICACIÓN DECIMAL DE DEWEY | |
| Classification number | RD863.44 |
| Item number | J76b |
| 092 ## - LOCALLY ASSIGNED DEWEY DECIMAL CALL NUMBER | |
| Número de clasificación | |
| 100 1# - ASIENTO PRINCIPAL -- NOMBRE PERSONAL | |
| Nombre personal | Jones, Johnny, |
| Fechas asociadas con el nombre | 1958- |
| 245 10 - MENCIÓN DE TITULO | |
| Título | Bautizo de cenizas : |
| Subtítulo | novela / |
| Mención de responsabilidad | Johnny Jones. |
| 260 ## - PUBLICACIÓN, DISTRIBUCIÓN, ETC. (PIE DE IMPRENTA) | |
| Lugar de publicación, distribución, etc | Santo Domingo : |
| Nombre del editor, distribuidor, etc. | Editorial de Expresión, |
| Fecha de publicación, distribución, etc | 2006 |
| 300 ## - DESCRIPCIÓN FÍSICA | |
| Extensión | 380 p. : |
| Otros detalles físicos | il., |
| Dimensiones | 25 cm. |
| 490 1# - MENCIÓN DE SERIES | |
| Mención de serie | Caribe |
| Volume/sequential designation | 1 |
| 500 ## - NOTA GENERAL | |
| Nota general | Incluye datos biográficos del autor en la solapa de la cubierta |
| 650 ## - ENCABEZAMIENTO DE MATERIA--TEMÁTICO | |
| Término temático o nombre geográfico como elemento de entrada | NOVELA DOMINICANA |
| 650 ## - ENCABEZAMIENTO DE MATERIA--TEMÁTICO | |
| Término temático o nombre geográfico como elemento de entrada | LITERATURA DOMINICANA |
| 830 #0 - ASIENTO SECUNDARIO DE SERIE--TÍTULO UNIFORME | |
| Título uniforme | Caribe ; |
| Número de la parte o sección de una obra | 1 |
| 942 ## - ADDED ENTRY ELEMENTS (KOHA) | |
| Source of classification or shelving scheme | Dewey Decimal Classification |
| Koha item type | Libros |
| 945 ## - INFORMACIÓN DE PROCESAMIENTO LOCAL | |
| Información de procesamiento local | Título remanejado para la BNPHU / 2017 VM |
| 956 ## - LOCAL ELECTRONIC LOCATION AND ACCESS (OCLC) | |
| Nombre de host | VMATEO |
| Número de acceso | 10 |
| Información de compresión | 20150729 |
| Inicio de sesión | BPMSU |
| Procesador de solicitud | 0069 |
| 956 ## - LOCAL ELECTRONIC LOCATION AND ACCESS (OCLC) | |
| Nombre de host | Validado. Control de calidad MFF |
| Withdrawn status | Lost status | Source of classification or shelving scheme | Damaged status | Not for loan | Collection code | Home library | Current library | Date acquired | Total Checkouts | Full call number | Barcode | Date last seen | Price effective from | Koha item type |
|---|---|---|---|---|---|---|---|---|---|---|---|---|---|---|
| Dewey Decimal Classification | Colección Dominicana | Biblioteca Pública Metropolitana Salomé Ureña | Biblioteca Pública Metropolitana Salomé Ureña | 07/09/2014 | RD863.44 J76b | BPMSU15040513 | 07/09/2014 | 07/09/2014 | Libros |